AGROFORESTRY : initiatives by farmers in Thailand

Bibliographic Details
Corporate Author: Food and Agriculture Organization of the United Nations (FAO)
Format: Book
Published: Bangkok : Regional Office for Asia and the Pacific (RAPA) , 1989
Series:RAPA publication ; 1989/13
Subjects:

MARC

LEADER 00000cam a2200000 7i4500
001 0000001208
005 20040427.0
090 0 0 |a FAO634.9909593   |b AGR 1989 
245 0 0 |a AGROFORESTRY :   |b initiatives by farmers in Thailand 
260 0 0 |a Bangkok :   |b Regional Office for Asia and the Pacific (RAPA) ,   |c 1989 
300 |a [51] p. :   |b ill. (some col.) ;   |c 27 cm. 
440 0 0 |a RAPA publication ; 1989/13 
650 0 0 |a Agroforestry   |z Thailand 
710 1 1 |a Food and Agriculture Organization of the United Nations (FAO) 
998 |a JPSM 
999 |a 0000002381   |b Monograph   |c Open Shelf   |e Default branch